000 00957nam a22003137a 4500
001 9463
003 FISKH
005 20260113141724.0
008 260113b cb ||||| |||| 00| 0 eng d
020 _a0890474456
040 _aFISKH
_beng
_cFISKH
_dFISKH
050 _aQB631 .B88
082 _a550
100 _aButterfield , Moira
245 _a1000 facts about the earth /
_bBy Moira Butterfield
250 _aFirst Scholastic printing , September 1993
260 _aNew York :
_bScholastic ,
_c1992.
300 _a48 pages :
_bcolor illustrations ;
_c28 cm .
490 _a1000 facts about
505 _aW
520 _aExamines the volcanoes, rivers, deserts, rain forests, weather, and other facets of our planet.
521 8 _a850
_bLexile
521 8 _aW
_bRaz-Plus
650 _aClimate
_vNon-fiction
650 _aDeserts
_vNon-fiction
650 _aEarth
_vNon-fiction
942 _2ddc
_cBK
_n0
999 _c9463
_d9463